| 000 | 00460nam a22001457a 4500 | ||
|---|---|---|---|
| 999 |
_c8408 _d8409 |
||
| 008 | 191202b ||||| |||| 00| 0 eng d | ||
| 020 | _a9780330334617 | ||
| 082 | _aFIC 813.54 MCC | ||
| 100 | _aMcCarthy, Cormac | ||
| 245 |
_aThe border trilogy : A _bAll the pretty horses, The Crossing, Cities of the plain |
||
| 260 |
_aLondon : _bPicador, _c1998. |
||
| 300 |
_a1037 p. ; _c20 cm. |
||
| 650 | _a Cowboys -- Mexico -- Fiction; Bildungsromans; | ||
| 942 | _2ddc | ||